[Event "Bullet Chess Winners 2023"]
[Site "chess.com INT"]
[Date "2023.07.18"]
[Round "2.3"]
[White "Nakamura, Hi"]
[Black "Martinez Alcantara, Jose Eduardo"]
[Result "1-0"]
[WhiteElo "2787"]
[BlackElo "2619"]
[PlyCount "61"]
[EventDate "2023.07.17"]
[EventType "k.o."]

1. b3 Nf6 2. Bb2 c5 3. Nf3 d5 4. e3 g6 5. d4 cxd4 6. Nxd4 Bg7 7. Nf3 O-O 8. Be2 Nc6 9. O-O Re8 10. Nbd2 e5 11. c4 $146 ({RR} 11. Bb5 Nh5 12. Re1 a6 13. Bf1 Bg4 14. h3 Be6 15. c4 e4 16. Nd4 Nxd4 17. Bxd4 Bxd4 18. exd4 f5 19. cxd5 Qxd5 20. Nc4 Rad8 21. Qd2 Qxd4 22. Qa5 Nf4 23. Rad1 Nd3 24. Bxd3 exd3 25. Qd2 Bxc4 {Szmyd,M (2000)-Lewicki,M (2236) Chotowa 2014 0-1}) 11... d4 12. exd4 exd4 13. Re1 Bf5 14. Bf1 Rxe1 15. Nxe1 Qa5 16. Bd3 Bg4 17. Nef3 Rd8 18. h3 Bc8 19. a3 Qc7 20. b4 a6 21. Nb3 Nh5 22. Bf1 Nf4 23. b5 axb5 24. cxb5 Ne5 25. Nfxd4 Qd6 26. Qc2 Qf6 27. Re1 Qg5 28. Kh1 Bd7 29. Qe4 b6 30. Bc1 Ned3 31. Bxd3 1-0

[Event "Bullet Chess Winners 2023"]
[Site "chess.com INT"]
[Date "2023.07.18"]
[Round "2.15"]
[White "Carlsen, M."]
[Black "Le Tuan Minh"]
[Result "1-0"]
[WhiteElo "2835"]
[BlackElo "2557"]
[PlyCount "105"]
[EventDate "2023.07.17"]
[EventType "k.o."]

1. b3 d5 2. Bb2 c6 3. Nf3 Bf5 4. Nh4 Bg6 5. Nxg6 ({RR} 5. g3 Nf6 6. Bg2 Nbd7 7. c4 e6 8. O-O Be4 9. Nf3 h6 10. cxd5 exd5 11. d3 Bh7 12. Nc3 Bb4 13. a3 Ba5 14. e4 dxe4 15. dxe4 O-O 16. b4 Bc7 17. Re1 Re8 18. b5 Nc5 19. bxc6 bxc6 {Nandhakumar,V (2310)-Zuluaga,C (2188) Las Vegas USA 2024 0-1 (61)}) 5... hxg6 6. e3 e6 7. d3 $146 ({RR} 7. Bd3 Nf6 8. Nc3 Qc7 9. Qf3 Nbd7 10. h3 Ne5 11. Qe2 Be7 12. O-O-O O-O-O 13. g4 g5 14. Kb1 Nfd7 15. Qf1 Bf6 16. Be2 Ng6 17. f3 e5 18. Bd3 Nh4 19. Qf2 Kb8 20. Rhe1 Rhe8 21. Bf1 Ng6 {Schilling,F (2031)-Heinig,J Berlin 2004 ½-½ (50)}) 7... Nf6 8. Nd2 Bd6 9. g3 Nbd7 10. Bg2 Qe7 11. a3 Be5 12. d4 Bd6 13. c4 O-O 14. O-O a5 15. Re1 Rfe8 16. e4 dxe4 17. Nxe4 Nxe4 18. Bxe4 Qd8 19. Bg2 Be7 20. Qc2 Bf6 21. Rad1 Qc7 22. h4 Rad8 23. Bf3 Nf8 24. Kg2 Rd7 25. h5 gxh5 26. Bxh5 Red8 27. Re4 Qb6 28. c5 Qc7 29. Rf4 e5 30. Rxf6 gxf6 31. Qf5 Rxd4 32. Bxd4 Rxd4 33. Rh1 Qd8 34. Bf3 Ng6 35. Rh6 Kg7 36. Qh5 Kf8 37. Rh7 e4 38. Bg4 Qd5 39. Qh6+ Ke8 40. Qg7 e3+ 41. Bf3 Qe6 42. Qg8+ Ke7 43. Qxg6 Rd2 44. Qe4 Rxf2+ 45. Kg1 Qxe4 46. Bxe4 f5 47. Bd3 Rd2 48. Bc4 e2 49. Kf2 e1=Q+ 50. Kxe1 Ra2 51. Rxf7+ Ke8 52. a4 Ra3 53. Rxf5 1-0

[Event "Bullet Chess Losers 2023"]
[Site "chess.com INT"]
[Date "2023.07.20"]
[Round "4.13"]
[White "Carlsen, M."]
[Black "Tang, Andrew"]
[Result "1-0"]
[WhiteElo "2835"]
[BlackElo "2523"]
[PlyCount "63"]
[EventDate "2023.07.18"]
[EventType "k.o."]

1. g3 d5 2. Bg2 e6 3. d3 Nf6 4. Nf3 Be7 5. O-O O-O 6. b3 c5 7. Bb2 Nc6 8. Nbd2 b5 ({RR} 8... d4 9. e4 e5 10. h3 Ne8 11. Qe2 Be6 12. a4 a6 13. Bc1 b5 14. Ne1 Nd6 15. f4 f6 16. f5 Bf7 17. g4 c4 18. bxc4 bxc4 19. Ndf3 Nb4 20. Qf2 Qc7 21. g5 cxd3 22. cxd3 Qc3 23. gxf6 {Stefanova,A (2495)-Gabriel,C (2564) Pulvermuehle 2000 ½-½ (62)}) 9. c4 ({RR} 9. a4 bxa4 10. Rxa4 Bd7 11. Ra1 a5 12. e4 a4 13. bxa4 Qb6 14. Ra2 Nb4 15. Ra3 Rxa4 16. Rb3 Qa6 17. Ne5 Be8 18. exd5 exd5 19. Re1 Bd6 20. Ng4 Nxg4 21. Qxg4 d4 22. Nc4 Nxc2 23. Rb6 Qa7 {Rangel,D (2248)-Karlsson,T (2242) chess.com INT 2025 1-0}) 9... b4 10. cxd5 $146 ({RR} 10. Rc1 Qb6 11. cxd5 exd5 12. Qc2 Ne8 13. e4 d4 14. Nc4 Qd8 15. Nfe5 Nxe5 16. Nxe5 Bb7 17. Bh3 Bc8 18. Nc6 Qd6 19. Nxe7+ Qxe7 20. Bxc8 Rxc8 21. Bxd4 Nf6 22. Bxc5 Qe5 23. d4 Qh5 24. f3 Nd7 {Garcia Escoda,M (2125)-Vinolas Anglada,L (1846) Tarragona 2022 1-0 (32)}) 10... Nxd5 11. Nc4 Ba6 12. Rc1 Rc8 13. Nfe5 Nxe5 14. Bxe5 Bf6 15. Bxd5 exd5 16. Bxf6 Qxf6 17. Ne3 Rfd8 18. Qd2 Bb5 19. Rc2 a5 20. Rfc1 Qd6 21. d4 c4 22. bxc4 dxc4 23. Nxc4 Qxd4 24. Qxd4 Rxd4 25. Nxa5 Ra8 26. Rc8+ Rd8 27. Rxd8+ Rxd8 28. Rc2 g6 29. f3 Rd1+ 30. Kf2 Rh1 31. h4 Rg1 32. Kxg1 1-0

[Event "Julius Baer Play-In 2023"]
[Site "chess.com INT"]
[Date "2023.07.24"]
[Round "8.60"]
[White "Vetoshko, V."]
[Black "Donchenko, Alexa"]
[Result "1-0"]
[WhiteElo "2502"]
[BlackElo "2668"]
[PlyCount "99"]
[EventDate "2023.07.24"]

1. b3 c5 2. Bb2 Nc6 3. Nf3 Nf6 4. g3 g6 5. Bg2 Bg7 6. O-O O-O 7. c4 d5 8. cxd5 Nxd5 9. Bxg7 Kxg7 10. Qc1 b6 11. d4 Nxd4 12. Nxd4 cxd4 13. Qc4 Be6 14. Qxd4+ Nf6 15. Qxd8 Raxd8 16. Nc3 Rd2 $146 ({RR} 16... Nd5 17. Bxd5 Bxd5 18. Rfd1 Bc6 {½-½ (18) Uraev,I (2247)-Tsarukian,E (2180) Kirov 2014}) 17. Rfd1 Rxd1+ 18. Rxd1 Rc8 19. Rc1 b5 20. e3 b4 21. Ne2 Rxc1+ 22. Nxc1 Bf5 23. f3 Bb1 24. e4 Nd7 25. Kf2 Nc5 26. Ke3 e5 27. Bf1 a5 28. Kd2 f5 29. exf5 Bxf5 30. Bd3 Bd7 31. Ke3 Kf6 32. Bc4 g5 33. Bd3 h6 34. Bc4 Bf5 35. Bd3 Nxd3 36. Nxd3 Ke6 37. Nc5+ Kd5 38. Ne4 Kc6 39. Nd2 Kb5 40. Ne4 Bg6 41. f4 exf4+ 42. gxf4 gxf4+ 43. Kxf4 a4 44. Nd2 Bc2 45. Ke5 Bxb3 46. axb3 a3 47. Nf3 a2 48. Nd4+ Kc5 49. Nc2 Kc6 50. Nxb4+ 1-0

[Event "Titled Tue 8th Aug Late"]
[Site "chess.com INT"]
[Date "2023.08.08"]
[Round "6"]
[White "Mamedov, Rau"]
[Black "Fier, A."]
[Result "1-0"]
[WhiteElo "2633"]
[BlackElo "2600"]
[PlyCount "95"]
[EventDate "2023.08.08"]

1. e4 Nf6 2. d3 d5 3. exd5 Nxd5 4. Nf3 g6 5. g3 Bg7 6. Bg2 O-O 7. O-O Nc6 8. Re1 ({RR} 8. d4 Nb6 9. c3 Bg4 10. h3 Bf5 11. Nbd2 Qd7 12. Re1 Bxh3 13. Bxh3 Qxh3 14. Ne4 Rad8 15. Nc5 Qc8 16. Bg5 Rfe8 17. Qb3 h6 18. Bf4 Nd5 19. Be5 Nxe5 20. Nxe5 b6 21. Ncd3 e6 22. a4 a5 {Sabarez,I (2051)-Spyropoulos,N (2421) chess.com INT 2024 1-0 (44)}) 8... e5 9. Nbd2 $146 ({RR} 9. a3 h6 10. Nbd2 Bf5 11. Rb1 Qd7 12. Ne4 b6 13. c4 Nde7 14. b4 Rad8 15. b5 Na5 16. Bb2 Qxd3 17. Nxe5 Qxd1 18. Rbxd1 f6 19. Rxd8 Rxd8 20. Nf3 Nxc4 21. Bxf6 Bxf6 22. Nxf6+ Kf7 23. Ne4 Bxe4 {Mamedov,R (2646)-Manafov,V (2359) Baku AZE 2022 1-0}) 9... Bf5 10. a3 Qd7 11. Ne4 Rad8 12. Bg5 f6 13. Bd2 Bg4 14. c3 Kh8 15. Qb3 Nb6 16. Nc5 Qc8 17. d4 Na5 18. Qc2 Nac4 19. Bc1 c6 20. b3 Bf5 21. Qe2 Nd6 22. dxe5 fxe5 23. Nxe5 Rde8 24. f4 Nd5 25. Bd2 Nf6 26. Be3 b6 27. Ncd3 Nde4 28. Rac1 c5 29. Nf2 Qe6 30. c4 Nxf2 31. Bxf2 Qc8 32. Qf3 g5 33. Qc6 gxf4 34. Qxc8 Bxc8 35. gxf4 Ng4 36. Nf7+ Kg8 37. Bd5 Nxf2 38. Nd6+ Kh8 39. Rxe8 Rxe8 40. Nxe8 Bd4 41. Kg2 Nd3 42. Rf1 Be3 43. f5 Bd7 44. Nf6 Bc8 45. Nh5 Ne5 46. f6 Bh6 47. f7 Bf8 48. Re1 1-0

[Event "Titled Tue 15th Aug Early"]
[Site "chess.com INT"]
[Date "2023.08.15"]
[Round "11"]
[White "So, W."]
[Black "Rustemov, A."]
[Result "1-0"]
[WhiteElo "2769"]
[BlackElo "2525"]
[PlyCount "93"]
[EventDate "2023.08.15"]

1. b3 d5 2. Bb2 Nf6 3. Nf3 Bf5 4. Nh4 Bd7 5. g3 ({RR} 5. c4 e6 6. Nf3 c5 7. cxd5 exd5 8. e3 Nc6 9. Be2 Bd6 10. O-O O-O 11. d4 Rc8 12. dxc5 Bxc5 13. Nc3 Bg4 14. Rc1 Bd6 15. h3 Bh5 16. Nh4 Bg6 17. Nxg6 hxg6 18. Bf3 d4 19. Nb5 Bb8 {Nakamura,H (2802)-Erigaisi,A (2777) chess.com INT 2025 1-0 (70)}) ({RR} 5. Nf3 h6 6. e3 Bf5 7. Bd3 Bxd3 8. cxd3 e6 9. d4 Nbd7 10. Nc3 c6 11. Qe2 Bd6 12. d3 Qe7 13. e4 Ba3 14. O-O O-O 15. Rfe1 a5 16. exd5 Nxd5 17. Ne5 Nxc3 18. Bxc3 Nf6 19. Qd2 Bb4 {Pastar,S (2363)-Rustemov,A (2525) chess.com INT 2024 0-1 (44)}) 5... c5 6. Bg2 e6 7. c4 ({RR} 7. O-O Nc6 8. c4 d4 9. e3 e5 10. exd4 exd4 11. Re1+ Be7 12. Qe2 Bg4 13. f3 Bd7 14. f4 Bg4 15. Nf3 O-O 16. h3 Bd7 17. d3 Re8 18. Na3 a6 19. Nc2 Bd6 20. Qf2 Qb6 21. Nd2 a5 {Tangatov,N (2257)-Dumanuly,S (2096) Almaty KAZ 2025 ½-½ (50)}) 7... Bc6 $146 ({RR} 7... Nc6 8. O-O d4 9. e3 Be7 10. exd4 cxd4 11. d3 O-O 12. a3 a5 13. Nd2 Re8 14. f4 Bf8 15. Qe2 Rb8 16. Ne4 b5 17. c5 Nxe4 18. Bxe4 f5 19. Bg2 Rc8 20. Rac1 b4 21. a4 g6 22. Rc4 {Hakobyan,A (2602)-Sjugirov,S (2680) Chess.com INT 2022 1-0 (41)}) 8. cxd5 Bxd5 9. Nf3 Be7 10. d3 O-O 11. e4 Bc6 12. Ne5 Nfd7 13. Ng4 Nf6 14. Ne5 Nfd7 15. Nxc6 Nxc6 16. f4 Rc8 17. O-O Nf6 18. Nc3 Qd7 19. e5 Ne8 20. Rc1 b6 21. Ne4 Nb4 22. d4 Nxa2 23. dxc5 Qxd1 24. Rcxd1 Bxc5+ 25. Nxc5 bxc5 26. Rd7 Nc7 27. Bb7 Nd5 28. Bxc8 Rxc8 29. f5 Nab4 30. fxe6 fxe6 31. Rff7 Nd3 32. Rxg7+ Kf8 33. Rxh7 Kg8 34. Rdg7+ Kf8 35. Rxa7 Kg8 36. Rag7+ Kf8 37. Rd7 Kg8 38. Ba3 Ra8 39. Rdg7+ Kf8 40. Ra7 Rxa7 41. Rxa7 Nxe5 42. Bxc5+ Kg8 43. h4 Nd3 44. Bd4 e5 45. Bxe5 Nxe5 46. Ra5 Nf3+ 47. Kf2 1-0

[Event "chess.com SpeedChess 2023"]
[Site "chess.com INT"]
[Date "2023.09.04"]
[Round "1.17"]
[White "Nakamura, Hi"]
[Black "Yu Yangyi"]
[Result "1-0"]
[WhiteElo "2780"]
[BlackElo "2720"]
[PlyCount "69"]
[EventDate "2023.09.04"]

1. d3 Nf6 2. Nf3 d5 3. g3 Nc6 4. Bg2 e5 5. Nbd2 e4 6. Ng1 ({RR} 6. Ng5 exd3 7. cxd3 h6 8. Ngf3 Be6 9. O-O Qd7 10. a3 Bh3 11. b4 Bxg2 12. Kxg2 Be7 13. Bb2 O-O 14. Rc1 a6 15. Qc2 Rac8 16. Nb3 a5 17. Bxf6 Bxf6 18. Nc5 Qf5 19. Nxb7 Nd4 20. Nxd4 Bxd4 {Nihal,S (2694)-Travadon,L (2440) chess.com INT 2023 1-0}) 6... Bc5 $146 ({RR} 6... Bf5 7. Nb3 Bd6 8. Nh3 Qd7 9. Nf4 O-O-O 10. h4 Rhe8 11. O-O h6 12. e3 g5 13. hxg5 hxg5 14. Nxd5 Nxd5 15. dxe4 Bxe4 16. Bxe4 Rxe4 17. Qxd5 f5 18. Nd4 Ne7 19. Qf7 f4 20. Qh7 Re5 21. exf4 {Maghsoodloo,P (2680)-Volkov,S (2397) chess.com INT 2025 0-1 (43)}) 7. Nb3 Bb6 8. d4 Be6 9. Nh3 Qd7 10. Nf4 Bf5 11. h4 h6 12. a4 a6 13. f3 O-O-O 14. g4 exf3 15. exf3 Rde8+ 16. Kf2 g5 17. gxf5 gxf4 18. a5 Ba7 19. Bxf4 Kb8 20. Bh3 Nh5 21. Bh2 Qe7 22. Bg4 Qe3+ 23. Kf1 Nxd4 24. Nxd4 Bxd4 25. Bg1 Ng3+ 26. Kg2 Qf4 27. Qxd4 Ne4 28. Qa7+ Kc8 29. f6+ Re6 30. Rh3 Kd7 31. Rd1 Nxf6 32. Qd4 Qxd4 33. Bxe6+ fxe6 34. Bxd4 Rg8+ 35. Rg3 1-0

[Event "Titled Tue 12th Sep Late"]
[Site "chess.com INT"]
[Date "2023.09.12"]
[Round "5"]
[White "Fedoseev, Vl3"]
[Black "Demidov, M."]
[Result "1-0"]
[WhiteElo "2683"]
[BlackElo "2563"]
[PlyCount "51"]
[EventDate "2023.09.12"]

1. h3 d5 2. Nf3 c6 ({RR} 2... Nf6 3. e3 e6 4. c4 Bd6 5. b3 O-O 6. Bb2 c5 7. cxd5 exd5 8. d4 Nc6 9. Nbd2 cxd4 10. Nxd4 Nxd4 11. Bxd4 Qe7 12. Bd3 Be5 13. Nf3 Bxd4 14. Nxd4 Bd7 15. O-O Rac8 16. Qd2 Rc7 17. Rac1 {Nakamura,H (2788)-Bluebaum,M (2658) chess.com INT 2024 ½-½ (115)}) ({RR} 2... c5 3. Nh2 Nc6 4. Nf3 e5 5. Ng1 e4 6. d3 f5 7. Bf4 Nf6 8. e3 d4 9. dxe4 fxe4 10. Bc4 Bf5 11. Nd2 Nd5 12. Ne2 dxe3 13. fxe3 Nxf4 14. exf4 e3 15. Nf1 Qe7 16. Neg3 Rd8 17. Nxf5 {Fedoseev,V (2683)-Al Tarbosh,W (2280) chess.com INT 2023 0-1 (102)}) 3. b3 ({RR} 3. g4 h6 4. Bg2 Nf6 5. d3 Nbd7 6. O-O e6 7. Re1 Bd6 8. e4 dxe4 9. dxe4 Ne5 10. Nbd2 Nxf3+ 11. Qxf3 e5 12. Nc4 Qc7 13. Rd1 Be7 14. Qg3 Nd7 15. g5 hxg5 16. Bxg5 Bxg5 17. Qxg5 O-O {Maltsevskaya,A (2393)-Yurukova,G (1578) FIDE Online Arena INT 2024 1-0}) 3... f6 $146 ({RR} 3... Bf5 4. Bb2 Nd7 5. e3 e6 6. a3 h6 7. d3 Ngf6 8. Nbd2 Bd6 9. Qe2 e5 10. e4 Bh7 11. g3 Qe7 12. Bg2 O-O 13. O-O Rfe8 14. Rfe1 a5 15. Nh2 Qd8 16. h4 dxe4 17. dxe4 Qc7 18. Ng4 {Delebarre,X (2296)-David,V (2260) France 2002 ½-½ (34)}) 4. d4 g6 5. c4 Bg7 6. Nc3 e6 7. e4 Ne7 8. Be2 O-O 9. O-O dxe4 10. Nxe4 f5 11. Nc5 b6 12. Nd3 c5 13. Nfe5 Nbc6 14. Bf3 Bb7 15. Bg5 Qc8 16. Nxc6 Nxc6 17. dxc5 e5 18. Bd5+ Kh8 19. Rc1 h6 20. Be3 f4 21. Bd2 Nd4 22. Re1 f3 23. Nxe5 Bxe5 24. Rxe5 fxg2 25. Bc3 Qxh3 26. Rh5 1-0

[Event "Titled Tue 12th Sep Late"]
[Site "chess.com INT"]
[Date "2023.09.12"]
[Round "6"]
[White "Fedoseev, Vl3"]
[Black "Maghsoodloo, Parham"]
[Result "1-0"]
[WhiteElo "2683"]
[BlackElo "2707"]
[PlyCount "107"]
[EventDate "2023.09.12"]

1. h3 d5 2. Nf3 h6 ({RR} 2... Nf6 3. e3 e6 4. c4 Bd6 5. b3 O-O 6. Bb2 c5 7. cxd5 exd5 8. d4 Nc6 9. Nbd2 cxd4 10. Nxd4 Nxd4 11. Bxd4 Qe7 12. Bd3 Be5 13. Nf3 Bxd4 14. Nxd4 Bd7 15. O-O Rac8 16. Qd2 Rc7 17. Rac1 {Nakamura,H (2788)-Bluebaum,M (2658) chess.com INT 2024 ½-½ (115)}) ({RR} 2... e6 3. e3 Bd6 4. b3 Nf6 5. Bb2 c5 6. c4 b6 7. cxd5 exd5 8. Bb5+ Bd7 9. Nc3 Nc6 10. d4 a6 11. dxc5 Bxc5 12. Be2 Be6 13. O-O d4 14. Na4 dxe3 15. Qxd8+ Nxd8 16. Nxc5 exf2+ 17. Kxf2 {Prasannaa,S (2213)-Sachi Jain (1842) Chennai IND 2024 ½-½ (52)}) ({RR} 2... c5 3. Nh2 Nc6 4. Nf3 e5 5. Ng1 e4 6. d3 f5 7. Bf4 Nf6 8. e3 d4 9. dxe4 fxe4 10. Bc4 Bf5 11. Nd2 Nd5 12. Ne2 dxe3 13. fxe3 Nxf4 14. exf4 e3 15. Nf1 Qe7 16. Neg3 Rd8 17. Nxf5 {Fedoseev,V (2683)-Al Tarbosh,W (2280) chess.com INT 2023 0-1 (102)}) 3. b3 Bf5 $146 ({RR} 3... Nf6 4. Nc3 Bf5 5. d3 c6 6. e4 d4 7. Ne2 Bg6 8. Nexd4 e6 9. c3 Be7 10. Be3 Nbd7 11. Be2 Bh7 12. Qd2 g5 13. g4 Qc7 14. Bd1 a5 15. Bc2 Rd8 16. Ng1 Rg8 17. f4 e5 18. Nde2 {Hein,J (1424)-Hansen,H (1377) Hillerod 2017 1-0 (47)}) 4. Bb2 e6 5. c4 Nd7 6. e3 a5 7. Be2 Ngf6 8. O-O Bd6 9. Nc3 c6 10. Rc1 O-O 11. cxd5 exd5 12. d3 Bh7 13. Re1 Re8 14. Bf1 Qe7 15. Na4 Bb4 16. Re2 b5 17. Nc3 Rac8 18. Rec2 Nb6 19. a4 bxa4 20. Nxa4 Nxa4 21. bxa4 c5 22. Nd4 Nd7 23. Qf3 Ne5 24. Qg3 Nxd3 25. Nf5 Qg5 26. Qxg5 hxg5 27. Bxd3 c4 28. g4 Rb8 29. Bf1 Bf8 30. Bg2 Bxf5 31. gxf5 Rxb2 32. Rxb2 Ba3 33. Rbc2 Bxc1 34. Rxc1 Re5 35. Rd1 c3 36. Rc1 d4 37. exd4 Rxf5 38. Rxc3 Rf4 39. Rd3 Kf8 40. Bc6 Ke7 41. d5 Kd6 42. Rb3 g4 43. hxg4 Rxg4+ 44. Rg3 Rxg3+ 45. fxg3 f5 46. Kf2 g5 47. Ke3 Ke5 48. Kf3 Kd6 49. g4 f4 50. Ke4 Kc5 51. Bb5 Kd6 52. Be2 Kc5 53. Bf3 Kd6 54. Kf5 1-0

[Event "Armageddon Grand Finale L"]
[Site "Berlin GER"]
[Date "2023.09.16"]
[Round "1.3"]
[White "So, W."]
[Black "Shankland, S."]
[Result "1-0"]
[WhiteElo "2753"]
[BlackElo "2698"]
[PlyCount "89"]
[EventDate "2023.09.16"]
[EventType "k.o."]

1. b3 d5 2. Bb2 Bf5 3. Nf3 e6 4. g3 Nf6 5. Bg2 h6 6. d3 Be7 7. O-O O-O 8. Nbd2 Nbd7 9. Qe1 c6 10. e4 Bh7 11. Qe2 a5 12. a4 b5 ({RR} 12... Re8 13. e5 Nh5 14. Nd4 g6 15. f4 Ng7 16. g4 c5 17. Nb5 Nb6 18. Kh1 h5 19. h3 hxg4 20. hxg4 g5 21. Qe3 gxf4 22. Qxf4 Bg6 23. Nf3 d4 24. Bc1 Nd5 25. Qh6 Bf8 26. Qh3 Ra6 27. Ng5 {Blanco Diez,D (2308)-Portero Rubio,M (2229) chess.com INT 2024 1-0 (47)}) 13. exd5 $146 ({RR} 13. Nd4 Qb6 14. axb5 dxe4 15. Nxc6 Bb4 16. Nxe4 Rac8 17. Bd4 Qxb5 18. Na7 Qa6 19. Nxc8 Rxc8 20. Nxf6+ Nxf6 21. Bxf6 gxf6 22. Qg4+ {1-0 (22) Ristic,N (2325)-Djurovic,S Skender Vakuf (Knezevo) 1980}) 13... Nxd5 14. Nd4 Qb6 15. axb5 Bf6 16. Nc4 Qc5 17. bxc6 N7b6 18. Nf3 Bxb2 19. Nxb2 Qxc6 20. c4 Nb4 21. Ne5 Qd6 22. Bxa8 Rxa8 23. Rfd1 f6 24. Nf3 Bg6 25. Nh4 Bf7 26. d4 Nd7 27. Rd2 g5 28. Ng2 Nc6 29. d5 exd5 30. cxd5 Nb4 31. Nc4 Qc5 32. Qe3 Qc7 33. Qf3 a4 34. Nge3 Nc5 35. d6 Qc6 36. Qxf6 Ne4 37. Qxf7+ Kxf7 38. Ne5+ Ke6 39. Nxc6 Nxc6 40. Rda2 Nc3 41. Ra3 Nd4 42. bxa4 Kxd6 43. Kg2 Ne4 44. Rd3 Ke5 45. Nc4+ 1-0

[Event "AI Cup Play-In 2023"]
[Site "chess.com INT"]
[Date "2023.09.18"]
[Round "4"]
[White "Keymer, Vincent"]
[Black "Vaibhav, S."]
[Result "1-0"]
[WhiteElo "2717"]
[BlackElo "2588"]
[PlyCount "71"]
[EventDate "2023.09.18"]

1. Nf3 Nf6 2. c4 c5 3. b3 g6 4. g3 Bg7 5. Bb2 O-O 6. Bg2 d5 7. cxd5 Nxd5 8. Bxg7 Kxg7 9. O-O ({RR} 9. Qc1 b6 10. O-O Bb7 11. Qb2+ Nf6 12. Rd1 Nc6 13. d4 cxd4 14. Nxd4 Nxd4 15. Rxd4 Qb8 16. Nd2 Bxg2 17. Kxg2 Rd8 18. Nf3 Qb7 19. Rad1 Rxd4 20. Rxd4 Rc8 21. Qd2 Qc6 22. Rc4 Qb7 23. Qc3 Rxc4 {Deac,B (2625)-Nguyen,T (2569) Chess.com INT 2020 1-0 (52)}) 9... Nf6 ({RR} 9... Qd6 10. d4 cxd4 11. Qxd4+ Qf6 12. Na3 Rd8 13. Rfd1 Nc6 14. Qxf6+ Nxf6 15. Rxd8 Nxd8 16. Ne5 Be6 17. Nb5 Ne8 18. Rc1 f6 19. Nd3 a6 20. Nc7 Nxc7 21. Rxc7 Kf8 22. Bxb7 Ra7 23. Nc5 Bd5 24. Rc8 {Yuan,Q (2341)-Bressy,T (2191) chess.com INT 2025 1-0}) 10. Nc3 $146 ({RR} 10. d4 cxd4 11. Qxd4 Nc6 12. Qxd8 Rxd8 13. Nc3 Bg4 14. h3 Bxf3 15. Bxf3 Rac8 16. Ne4 Nd4 17. Nxf6 Nxf3+ 18. exf3 Kxf6 19. Rfd1 b6 20. f4 Rxd1+ 21. Rxd1 Rc2 22. a4 Rc3 23. Rd7 a6 24. b4 Rc4 {Popilski,G (2564)-Drozdowski,K (2507) Arlington 2016 ½-½}) 10... Nc6 11. Na4 Qd6 12. Rc1 b6 13. d4 cxd4 14. Rxc6 Qxc6 15. Ne1 Qc7 16. Bxa8 e5 17. Bg2 Ba6 18. Nf3 Rc8 19. Re1 Qe7 20. Qb1 Rd8 21. Nd2 Qb4 22. Ne4 Nd5 23. Qc1 f5 24. Ng5 Rc8 25. Qd1 Bb7 26. e4 dxe3 27. fxe3 Rc2 28. Re2 Nxe3 29. Qd7+ Kh6 30. Nf7+ Kh5 31. Bxb7 Rc1+ 32. Kf2 Rf1+ 33. Kxe3 f4+ 34. Kd3 Rd1+ 35. Kc2 Rxd7 36. Bf3# 1-0

[Event "AI Cup Div 3 L"]
[Site "chess.com INT"]
[Date "2023.09.25"]
[Round "1.1"]
[White "Chigaev, M."]
[Black "Kobo, Ori"]
[Result "1-0"]
[WhiteElo "2615"]
[BlackElo "2551"]
[PlyCount "61"]
[EventDate "2023.09.25"]
[EventType "k.o."]

1. e4 e6 2. d3 d5 3. Nd2 c5 4. Ngf3 Bd6 5. g3 Nc6 6. Bg2 Nge7 7. O-O O-O 8. Re1 Qc7 9. c3 Bd7 10. Qe2 f6 11. h4 ({RR} 11. Bh3 Rae8 12. a3 e5 13. Bxd7 Qxd7 14. c4 dxc4 15. dxc4 Rc8 16. Nf1 Nd4 17. Qd3 Ng6 18. Nxd4 cxd4 19. b3 Rc7 20. f3 Rfc8 21. Bb2 Nf8 22. Nd2 a5 23. a4 Ne6 24. Ba3 Bxa3 25. Rxa3 Qd6 {Ivanov,A (2420)-Levin,E (2518) Sochi 2015 0-1 (53)}) 11... b5 ({RR} 11... Rae8 12. h5 a6 13. Nf1 b5 14. N1h2 b4 15. c4 dxc4 16. dxc4 e5 17. Be3 Nd4 18. Bxd4 cxd4 19. Rec1 Bc5 20. Ne1 a5 21. Nd3 Kh8 22. Bf3 f5 23. exf5 Nxf5 24. Be4 Nd6 25. f3 Bf5 26. b3 {Shah,V (2177)-Karttunen,M (2485) chess.com INT 2024 0-1 (43)}) 12. h5 d4 13. h6 $146 ({RR} 13. Nf1 e5 14. Nh4 Be6 15. g4 c4 16. Nf5 Bc5 17. dxc4 Bxc4 18. Qf3 Rad8 19. b3 Be6 20. Bb2 dxc3 21. Bxc3 Nd4 22. Nxd4 Bxd4 23. Bxd4 Rxd4 24. Ne3 h6 25. Bf1 Qb7 26. Nc2 Rd2 27. Re2 Rxe2 {Altini,D (2292)-Pulito,A (2215) Civitanova Marche 2006 0-1 (51)}) 13... g6 14. e5 fxe5 15. Ne4 dxc3 16. bxc3 b4 17. cxb4 cxb4 18. Bb2 Nf5 19. Nxd6 Qxd6 20. Nxe5 Nfd4 21. Bxd4 Nxd4 22. Qb2 Rac8 23. Nc4 Rxc4 24. dxc4 e5 25. Bd5+ Kh8 26. f4 Qc5 27. Rxe5 Ne2+ 28. Kg2 Nc3 29. Qf2 Qxf2+ 30. Kxf2 a5 31. Re7 1-0

[Event "Titled Tue 26th Sep Late"]
[Site "chess.com INT"]
[Date "2023.09.26"]
[Round "4"]
[White "Naroditsky, D."]
[Black "Mikaelyan, A."]
[Result "1-0"]
[WhiteElo "2619"]
[BlackElo "2529"]
[PlyCount "63"]
[EventDate "2023.09.26"]

1. e4 e5 2. Nf3 Nc6 3. Nc3 Nf6 4. g3 g6 5. Bg2 Bg7 6. O-O O-O 7. d3 d6 8. h3 Nh5 9. Be3 ({RR} 9. Nd5 Ne7 10. d4 Nxd5 11. exd5 e4 12. Ng5 Nf6 13. Kh2 Nxd5 14. Nxe4 Nf6 15. Bg5 d5 16. Nxf6+ Bxf6 17. Bxf6 Qxf6 18. c3 {½-½ (18) Villar,J (2147)-Perez Perez,G (2201) Barcelona ESP 2024}) 9... h6 10. d4 exd4 11. Nxd4 Ne5 $146 ({RR} 11... Bd7 12. Qd2 Kh7 13. Nxc6 Bxc6 14. Bd4 Re8 15. Rad1 Bxd4 16. Qxd4 Qg5 17. Kh2 Re7 18. Rfe1 a6 19. Qd3 Rae8 20. f4 Qc5 21. Rd2 Nf6 22. Rde2 b5 23. a3 a5 24. e5 Bxg2 25. exf6 Rxe2 26. Rxe2 {Grutter,T (2342)-Gokerkan,C (2523) chess.com INT 2023 0-1}) 12. Qe2 c5 13. Nb3 Be6 14. Nd2 Nc6 15. g4 Nd4 16. Qd1 Nf6 17. Nb3 Nc6 18. Qd2 a5 19. Rad1 a4 20. Nc1 Ne5 21. b3 axb3 22. axb3 Qa5 23. N1e2 Rad8 24. Bxh6 b5 25. Bxg7 Kxg7 26. f4 Nc6 27. f5 Bc8 28. Qg5 Ne5 29. Ra1 Qb4 30. Ra7 c4 31. Qxf6+ Kxf6 32. Nd5+ 1-0

[Event "Asian Games Men Team 2023"]
[Site "Hangzhou CHN"]
[Date "2023.10.02"]
[Round "4.2"]
[White "Tabatabaei, M."]
[Black "Sindarov, Javokhir"]
[Result "1-0"]
[WhiteElo "2685"]
[BlackElo "2658"]
[PlyCount "67"]
[EventDate "2023.09.29"]
[WhiteTeam "Islamic Rep. of Iran"]
[BlackTeam "Uzbekistan"]
[BlackTeamCountry "UZB"]

1. Nf3 Nf6 2. c4 e6 3. g3 d5 4. Bg2 d4 5. O-O c5 6. d3 Nc6 7. e3 Bd6 8. exd4 cxd4 9. Bg5 h6 10. Bxf6 Qxf6 11. Nbd2 Qe7 12. a3 a5 13. Re1 O-O 14. Rc1 a4 15. Ne4 Bc7 16. c5 f5 17. Nd6 $146 ({RR} 17. Ned2 e5 18. Nxe5 Nxe5 19. f4 Qf6 20. fxe5 Bxe5 21. c6 b5 22. c7 Ra6 23. Qf3 Kh7 24. Qd5 Re6 25. Nf3 Rfe8 26. Qxb5 R8e7 27. Qb8 Re8 28. Qb4 R8e7 29. Nxe5 Rxe5 30. Rxe5 Qxe5 31. Qc5 Qe3+ {Sjugirov,S (2675)-Baryshpolets,A (2569) chess24.com INT 2020 1-0 (44)}) 17... Bxd6 18. cxd6 Qxd6 19. Nd2 Ra6 20. Nc4 Qb8 21. Bxc6 bxc6 22. Re5 Ra7 23. Qe2 f4 24. Rc5 fxg3 25. hxg3 Raf7 26. f4 g5 27. Ne5 Rg7 28. Qh5 gxf4 29. Ng4 f3 30. Kf2 Bd7 31. b4 Be8 32. Qxh6 Rf5 33. Qxe6+ Rff7 34. Rh1 1-0

[Event "Titled Tue 31st Oct Early"]
[Site "chess.com INT"]
[Date "2023.10.31"]
[Round "1"]
[White "Bachmann, Ax"]
[Black "Kunin, V."]
[Result "1-0"]
[WhiteElo "2591"]
[BlackElo "2534"]
[PlyCount "55"]
[EventDate "2023.10.31"]

1. b3 d5 2. Bb2 c6 3. e3 Nf6 4. Nf3 Bf5 5. d3 e6 6. Nbd2 h6 ({RR} 6... a5 7. a3 h6 8. g3 Be7 9. Bg2 O-O 10. O-O Nbd7 11. Qe2 Bh7 12. e4 Qb6 13. Rab1 dxe4 14. dxe4 Qa6 15. Qxa6 Rxa6 16. Rfe1 Rd8 17. Rbd1 Raa8 18. Nd4 a4 19. b4 Nb6 20. Bf1 c5 21. bxc5 {Panin,M (2189)-Masruri,R (2327) chess.com INT 2025 0-1}) 7. h3 Bh7 8. g4 $146 ({RR} 8. Qe2 Be7 9. g4 Rg8 10. O-O-O Qa5 11. Kb1 Na6 12. Ne5 Ba3 13. Nec4 {1-0 (13) Filipovic,B (2358)-Ballmann,M (2389) Leukerbad 2015}) 8... Nbd7 9. Rg1 a5 10. a3 a4 11. b4 c5 12. bxc5 Bxc5 13. h4 Bg6 14. h5 Bh7 15. g5 hxg5 16. Nxg5 Qa5 17. Qf3 Rc8 18. h6 Bf8 19. Kd1 Qc7 20. Rc1 Ne5 21. Qf4 Ng6 22. Qxa4+ Qc6 23. Qb3 Bg8 24. hxg7 Bxg7 25. c4 dxc4 26. Nxc4 Ne7 27. Nb6 Ned5 28. Rxc6 1-0